00547nam a22001337a 4500003000600000005001700006008004100023040000800064082001300072245026300085260003300348300001200381650002000393GBCCL20241126110636.0180920b ||||| |||| 00| 0 eng d cgbc a920bKHA aGrace all the way : bA festschrift ( collection of articles, reminiscences, tributes and anecdotes ) in honour of Rev. Dr Kh, Khaizakham on his 70th birthday and in thanksgiving celebration of 44 years of his preaching ministry/ cedited by Dino L.Touthang aLamka :bJ Lhungdim ,c2018. a186p. ; aKhaizakham, Kh.